000
00350nam a2200145 a 4500
003
MO
005
20170315104621.0
008
100915s19uu xx 00 eng d
050
_a
TR
_b
P96 2001
100
_a
Pullman, Philip
245
_a
The golden compass.
260
_a
New York :
_b
A Yearling Book,
_c
2001.
942
_2
ddc
_c
BK
999
_c
110854
_d
110854